Statistics for Biggest Arms Exporters Quiz

Click here to take the quiz!

General Stats

  • This quiz has been taken 924 times
  • The average score is 17 of 22

Answer Stats

TIV (millions)Supplier% Correct
6,432Russia
99%
9,894United States
99%
2,123China
97%
1,393United Kingdom
97%
2,226France
96%
2,813Germany
94%
802Italy
89%
483Spain
88%
127Canada
86%
109Brazil
83%
127Australia
82%
534South Korea
81%
249Sweden
78%
277Turkey
76%
150Norway
73%
1,260Israel
68%
466Netherlands
68%
528Ukraine
66%
169Portugal
61%
94Indonesia
57%
186Switzerland
54%
129Czech Republic
39%

Score Distribution

Percentile by Number Answered

Percent of People with Each Score

Your Score History

You have not taken this quiz